Every house needs a balcony : (Record no. 10002)
[ view plain ]
| 000 -LEADER | |
|---|---|
| fixed length control field | 00491nam a22001697a 4500 |
| 003 - CONTROL NUMBER IDENTIFIER | |
| control field | OSt |
| 005 - DATE AND TIME OF LATEST TRANSACTION | |
| control field | 20260428032826.0 |
| 008 - FIXED-LENGTH DATA ELEMENTS--GENERAL INFORMATION | |
| fixed length control field | 260428b |||||||| |||| 00| 0 eng d |
| 020 ## - INTERNATIONAL STANDARD BOOK NUMBER | |
| International Standard Book Number | 9780061714238 |
| 040 ## - CATALOGING SOURCE | |
| Original cataloging agency | DWCL Main Lib. |
| Transcribing agency | OC |
| 082 ## - DEWEY DECIMAL CLASSIFICATION NUMBER | |
| Classification number | F F828e 2015 |
| 100 ## - MAIN ENTRY--PERSONAL NAME | |
| Personal name | Frank, Rina |
| 245 ## - TITLE STATEMENT | |
| Title | Every house needs a balcony : |
| Remainder of title | novel / |
| Statement of responsibility, etc. | Rina Frank |
| 260 ## - PUBLICATION, DISTRIBUTION, ETC. | |
| Place of publication, distribution, etc. | New York : |
| Name of publisher, distributor, etc. | Harper Collins Publisher, |
| Date of publication, distribution, etc. | c2015. |
| 300 ## - PHYSICAL DESCRIPTION | |
| Extent | 327 pages : |
| Other physical details | illustrations ; |
| Dimensions | 22cm. |
| 942 ## - ADDED ENTRY ELEMENTS (KOHA) | |
| Source of classification or shelving scheme | Dewey Decimal Classification |
| Koha item type | Fiction |
| Suppress in OPAC | No |
| 952 ## - LOCATION AND ITEM INFORMATION (KOHA) | |
| -- | |
| Withdrawn status | Lost status | Source of classification or shelving scheme | Damaged status | Not for loan | Home library | Current library | Shelving location | Date acquired | Source of acquisition | Total Checkouts | Full call number | Barcode | Date last seen | Copy number | Price effective from | Koha item type | Uniform Resource Identifier |
|---|---|---|---|---|---|---|---|---|---|---|---|---|---|---|---|---|---|
| Dewey Decimal Classification | Junior High School Library | Junior High School Library | Fiction | 07/25/2016 | School Fund | F F828e 2015 | JHS - 19001 | 04/28/2026 | c1 | 04/28/2026 | FIC. |